000
00304cam a22001097a 4500
008
180718b1961 xxu||||| |||| 00| 0 eng d
082
_a
A42x54 A/I/A
100
_a
India. Ministry of Law
245
_a
Index to central and state acts
260
_a
Delhi
_b
The Manager of Publications
_c
1961
300
_a
432p.
999
_c
487814
_d
487814